Connaissances générales #4 - Statistiques

Statistiques générales
  • Ce quiz a été pris 1 178 fois
  • Le résultat moyen est 4 sur 16
Statistiques - réponses
Hint Réponse % Correct
Quelle est la capitale de l'Afghanistan? Kaboul
82%
À qui doit-on le roman ''L'Étranger''? Albert Camus
80%
Qu'obtient-on en mélangeant du rhum, de la menthe, de la lime, du sucre, de l'eau gazeuse et de la glace de la bonne façon? Mojito
59%
Quel pays était autrefois connu sous le nom de Guyane Hollandaise? Suriname
46%
Qui a écrit la comédie ''La Folle Journée, ou le Mariage de Figaro''? Beaumarchais
27%
Conjuguez le verbe voir à la première personne du subjonctif présent. Que je voie
26%
Comment se nomme la discipline médicale rattachée aux maladies du foie? Hépatologie
21%
Dans quel roman retrouve-t-on le personnage de Long John Silver? L'île au trésor
18%
Quel film a gagné la Palme d'Or au Festival de Cannes en 1994? Pulp Fiction
17%
Quel réalisateur italien a été assassiné le 2 novembre 1975? Pier Pablo Pasolini
13%
En l'honneur de quel joueur, toutes les équipes du baseball majeur ont-elles retiré le numéro 42? Jackie Robinson
9%
Quel navigateur à été le premier à faire le tour de l'Antarctique? James Cook
9%
Qui a occupé le poste de Ministre des finances du Québec de 1976 à 1984? Jacques Parizeau
7%
Sur quel album des Beatles se trouve la pièce ''Norwegian Wood''? Rubber Soul
5%
Combien mesure un terrain de football américain en pouces? 3600
3%
Qui anima l'émission ''Les Bronzés font de la radio'' à la première chaine de Radio-Canada? Jean-Sébastien Girard
3%
Aucun quiz correspondant
Distribution des résultats
% des personnes avec chaque résultat
Percentile par nombre de réponses
Votre historique - résultats
Vous n’avez pas pris ce quiz